000 00222nam a22000857a 4500
008 160704b xxu||||| |||| 00| 0 eng d
100 _92040
_a Rajan, M.S
245 _aSpace Today
260 _aNew Delhi
_bNational Book Trust
_c1987
999 _c1740
_d1740